[Event "Göteborg Open 2017"]
[Site "Mölnlycke kulturhus, Biblioteksgatan 2, Mölnlycke, Sweden"]
[Date "2017.08.18"]
[Round "3.1"]
[White "Hillarp Persson, Tiger"]
[Black "Åkesson, Joel"]
[Result "1/2-1/2"]
[BlackElo "2296"]
[WhiteElo "2522"]
[LiveChessVersion "1.4.8"]

1. Nf3 {[%clk 0:15:07]} Nf6 {[%clk 0:15:03]} 2. g3 {[%clk 0:15:06]} b6
{[%clk 0:14:51]} 3. Bg2 {[%clk 0:15:02]} Bb7 {[%clk 0:14:53]} 4. O-O
{[%clk 0:15:04]} e6 {[%clk 0:14:30]} 5. d3 {[%clk 0:15:04]} c5 {[%clk 0:13:23]}
6. e4 {[%clk 0:15:07]} d6 {[%clk 0:13:24]} 7. c4 {[%clk 0:14:53]} Be7
{[%clk 0:13:03]} 8. Nc3 {[%clk 0:14:56]} O-O {[%clk 0:12:52]} 9. Ng5
{[%clk 0:14:53]} h6 {[%clk 0:11:46]} 10. Nh3 {[%clk 0:14:55]} Nc6
{[%clk 0:10:46]} 11. f4 {[%clk 0:14:53]} Nd4 {[%clk 0:09:38]} 12. Be3
{[%clk 0:11:34]} a6 {[%clk 0:08:28]} 13. g4 {[%clk 0:11:17]} Nh7 {[%clk 0:08:05]}
14. Qd2 {[%clk 0:10:49]} e5 {[%clk 0:07:00]} 15. f5 {[%clk 0:10:48]} Ng5
{[%clk 0:06:36]} 16. Rae1 {[%clk 0:08:57]} Nxh3+ {[%clk 0:06:09]} 17. Bxh3
{[%clk 0:09:00]} Bh4 {[%clk 0:06:06]} 18. Rc1 {[%clk 0:08:21]} Bg5
{[%clk 0:06:04]} 19. Kh1 {[%clk 0:08:04]} Bc6 {[%clk 0:05:02]} 20. Bg2
{[%clk 0:07:48]} b5 {[%clk 0:04:37]} 21. Rf2 {[%clk 0:07:46]} Bxe3
{[%clk 0:04:30]} 22. Qxe3 {[%clk 0:07:49]} Qg5 {[%clk 0:04:33]} 23. Qxg5
{[%clk 0:07:05]} hxg5 {[%clk 0:04:36]} 24. h4 {[%clk 0:07:09]} f6
{[%clk 0:04:17]} 25. hxg5 {[%clk 0:07:10]} fxg5 {[%clk 0:04:21]} 26. Ne2
{[%clk 0:06:08]} Nxe2 {[%clk 0:03:41]} 27. Rxe2 {[%clk 0:06:11]} Rf6
{[%clk 0:03:31]} 28. Kh2 {[%clk 0:06:12]} b4 {[%clk 0:03:21]} 29. Kg3
{[%clk 0:06:13]} Rh6 {[%clk 0:03:24]} 30. Bf3 {[%clk 0:06:09]} Kf7
{[%clk 0:03:27]} 31. Rh2 {[%clk 0:06:11]} Rxh2 {[%clk 0:03:21]} 32. Kxh2
{[%clk 0:06:15]} a5 {[%clk 0:03:21]} 33. Kg3 {[%clk 0:06:17]} Rh8
{[%clk 0:03:24]} 34. Re1 {[%clk 0:06:09]} Kf6 {[%clk 0:03:09]} 35. Bd1
{[%clk 0:06:11]} Rh6 {[%clk 0:03:07]} 36. Kg2 {[%clk 0:06:09]} Rh4
{[%clk 0:03:10]} 37. Rf1 {[%clk 0:05:50]} Kf7 {[%clk 0:03:09]} 38. Be2
{[%clk 0:05:45]} Kf6 {[%clk 0:03:11]} 39. a3 {[%clk 0:05:39]} Rh8
{[%clk 0:02:49]} 40. Ra1 {[%clk 0:05:33]} a4 {[%clk 0:01:53]} 41. Bd1
{[%clk 0:05:14]} b3 {[%clk 0:01:55]} 42. Bf3 {[%clk 0:05:13]} Rh4
{[%clk 0:01:58]} 43. Rc1 {[%clk 0:05:06]} Rh8 {[%clk 0:01:53]} 44. Kg3
{[%clk 0:05:01]} Ba8 {[%clk 0:01:52]} 45. Bg2 {[%clk 0:04:18]} Bc6 1/2-1/2

[Event "Göteborg Open 2017"]
[Site "Mölnlycke kulturhus, Biblioteksgatan 2, Mölnlycke, Sweden"]
[Date "2017.08.18"]
[Round "3.2"]
[White "Rydström, Tom"]
[Black "Gritsak, Orest"]
[Result "0-1"]
[BlackElo "2474"]
[WhiteElo "2301"]
[LiveChessVersion "1.4.8"]

1. e4 {[%clk 0:15:08]} c5 {[%clk 0:14:41]} 2. Nf3 {[%clk 0:15:11]} e6
{[%clk 0:14:44]} 3. d4 {[%clk 0:15:10]} cxd4 {[%clk 0:14:47]} 4. Nxd4
{[%clk 0:15:14]} a6 {[%clk 0:14:51]} 5. Nc3 {[%clk 0:15:15]} Qc7 {[%clk 0:14:24]}
6. g3 {[%clk 0:15:18]} Nf6 {[%clk 0:14:20]} 7. Bg2 {[%clk 0:15:22]} Bb4
{[%clk 0:14:20]} 8. Bd2 {[%clk 0:15:26]} Be7 {[%clk 0:14:24]} 9. O-O
{[%clk 0:15:20]} Nc6 {[%clk 0:14:00]} 10. Nb3 {[%clk 0:15:24]} d6
{[%clk 0:13:00]} 11. f4 {[%clk 0:15:22]} b5 {[%clk 0:11:36]} 12. a3
{[%clk 0:14:53]} Bb7 {[%clk 0:11:25]} 13. Qe2 {[%clk 0:13:47]} O-O
{[%clk 0:10:35]} 14. g4 {[%clk 0:13:42]} Nd7 {[%clk 0:09:34]} 15. g5
{[%clk 0:13:44]} Rfe8 {[%clk 0:08:51]} 16. Qh5 {[%clk 0:13:30]} g6
{[%clk 0:08:35]} 17. Qh6 {[%clk 0:13:01]} Bf8 {[%clk 0:08:37]} 18. Qh4
{[%clk 0:13:05]} Bg7 {[%clk 0:08:11]} 19. f5 {[%clk 0:12:05]} Nce5
{[%clk 0:07:50]} 20. fxe6 {[%clk 0:07:00]} fxe6 {[%clk 0:07:53]} 21. Rae1
{[%clk 0:05:52]} Re7 {[%clk 0:07:04]} 22. Kh1 {[%clk 0:00:46]} Rf8
{[%clk 0:06:35]} 23. Rxf8+ {[%clk 0:00:45]} Nxf8 {[%clk 0:06:37]} 24. Bf4
{[%clk 0:00:22]} Nc4 {[%clk 0:06:32]} 25. Nd1 {[%clk 0:00:11]} Rf7
{[%clk 0:06:13]} 26. Ne3 {[%clk 0:00:12]} e5 {[%clk 0:05:24]} 27. Bg3
{[%clk 0:00:14]} Nxe3 {[%clk 0:05:27]} 28. Rxe3 {[%clk 0:00:19]} Qxc2
{[%clk 0:05:29]} 29. Be1 {[%clk 0:00:08]} Rf4 {[%clk 0:05:18]} 30. Qg3
{[%clk 0:00:07]} Bxe4 {[%clk 0:04:59]} 31. Bxe4 {[%clk 0:00:06]} Rxe4
{[%clk 0:04:45]} 32. Nd2 {[%clk 0:00:10]} Rxe3 {[%clk 0:04:10]} 33. Qxe3
{[%clk 0:00:14]} Qc6+ {[%clk 0:04:11]} 34. Kg1 {[%clk 0:00:17]} Ne6
{[%clk 0:04:12]} 35. Bf2 {[%clk 0:00:13]} d5 {[%clk 0:03:43]} 36. Qa7
{[%clk 0:00:07]} Nxg5 {[%clk 0:03:08]} 37. Bc5 {[%clk 0:00:07]} h6
{[%clk 0:02:51]} 38. b4 {[%clk 0:00:07]} d4 {[%clk 0:02:48]} 39. Qb8+
{[%clk 0:00:08]} Kh7 {[%clk 0:02:52]} 40. Qd8 {[%clk 0:00:07]} Qf6
{[%clk 0:02:52]} 41. Qd7 {[%clk 0:00:10]} Qf4 {[%clk 0:02:29]} 42. Bf8
{[%clk 0:00:07]} 0-1

[Event "Göteborg Open 2017"]
[Site "Mölnlycke kulturhus, Biblioteksgatan 2, Mölnlycke, Sweden"]
[Date "2017.08.18"]
[Round "3.4"]
[White "Forsberg, Timmy"]
[Black "Antonsen, Mikkel"]
[Result "0-1"]
[BlackElo "2440"]
[WhiteElo "2093"]
[LiveChessVersion "1.4.8"]

1. d4 {[%clk 0:15:07]} Nf6 {[%clk 0:15:09]} 2. Bg5 {[%clk 0:15:09]} d5
{[%clk 0:15:11]} 3. Bxf6 {[%clk 0:15:12]} exf6 {[%clk 0:15:16]} 4. e3
{[%clk 0:15:12]} Be6 {[%clk 0:15:20]} 5. g3 {[%clk 0:15:12]} Nd7 {[%clk 0:14:39]}
6. Bg2 {[%clk 0:15:11]} c6 {[%clk 0:14:42]} 7. Ne2 {[%clk 0:15:11]} Bd6
{[%clk 0:14:43]} 8. O-O {[%clk 0:14:59]} O-O {[%clk 0:14:30]} 9. Nd2
{[%clk 0:14:14]} f5 {[%clk 0:14:33]} 10. b3 {[%clk 0:13:49]} Nf6 {[%clk 0:14:30]}
11. c4 {[%clk 0:11:03]} Ne4 {[%clk 0:14:32]} 12. c5 {[%clk 0:10:25]} Bc7
{[%clk 0:14:34]} 13. b4 {[%clk 0:09:48]} g5 {[%clk 0:14:29]} 14. a4
{[%clk 0:09:18]} Kh8 {[%clk 0:14:28]} 15. Nb3 {[%clk 0:07:37]} Rg8
{[%clk 0:12:58]} 16. f3 {[%clk 0:06:40]} Nf6 {[%clk 0:12:58]} 17. Qd3
{[%clk 0:05:49]} Qe7 {[%clk 0:12:34]} 18. Nc3 {[%clk 0:05:33]} f4
{[%clk 0:12:28]} 19. Kf2 {[%clk 0:03:43]} Bf5 {[%clk 0:10:53]} 20. e4
{[%clk 0:02:47]} Bg6 {[%clk 0:10:56]} 21. Qe2 {[%clk 0:02:04]} dxe4
{[%clk 0:09:09]} 22. fxe4 {[%clk 0:01:47]} Qe6 {[%clk 0:08:30]} 23. d5
{[%clk 0:01:18]} fxg3+ {[%clk 0:08:02]} 0-1

[Event "Göteborg Open 2017"]
[Site "Mölnlycke kulturhus, Biblioteksgatan 2, Mölnlycke, Sweden"]
[Date "2017.08.18"]
[Round "3.5"]
[White "Rosberg, Simon"]
[Black "Troedsson, Anton"]
[Result "1-0"]
[BlackElo "1650"]
[WhiteElo "2318"]
[LiveChessVersion "1.4.8"]

1. c4 {[%clk 0:15:08]} c6 {[%clk 0:15:09]} 2. Nf3 {[%clk 0:15:10]} d5
{[%clk 0:15:12]} 3. d4 {[%clk 0:15:14]} Nf6 {[%clk 0:15:16]} 4. Qc2
{[%clk 0:15:17]} e6 {[%clk 0:15:19]} 5. g3 {[%clk 0:15:21]} Nbd7 {[%clk 0:15:23]}
6. Bg2 {[%clk 0:15:24]} Bd6 {[%clk 0:15:23]} 7. O-O {[%clk 0:15:26]} O-O
{[%clk 0:15:06]} 8. Nc3 {[%clk 0:15:26]} dxc4 {[%clk 0:14:46]} 9. Nd2
{[%clk 0:15:29]} Nb6 {[%clk 0:14:40]} 10. Nce4 {[%clk 0:13:51]} Be7
{[%clk 0:14:13]} 11. e3 {[%clk 0:13:42]} Nxe4 {[%clk 0:13:44]} 12. Bxe4
{[%clk 0:13:35]} f5 {[%clk 0:13:24]} 13. Bg2 {[%clk 0:13:38]} Bf6
{[%clk 0:13:27]} 14. Nxc4 {[%clk 0:13:40]} Kh8 {[%clk 0:12:59]} 15. Ne5
{[%clk 0:13:13]} Nd5 {[%clk 0:12:21]} 16. b3 {[%clk 0:12:42]} Qc7
{[%clk 0:11:41]} 17. Bb2 {[%clk 0:12:11]} a5 {[%clk 0:11:38]} 18. a3
{[%clk 0:12:07]} Bd7 {[%clk 0:10:32]} 19. e4 {[%clk 0:11:41]} Ne7
{[%clk 0:10:17]} 20. Rac1 {[%clk 0:10:34]} Be8 {[%clk 0:10:04]} 21. Qc4
{[%clk 0:10:23]} Qd6 {[%clk 0:09:26]} 22. Qe2 {[%clk 0:09:55]} Qd8
{[%clk 0:08:21]} 23. Rfd1 {[%clk 0:08:08]} Qb6 {[%clk 0:08:22]} 24. Rd3
{[%clk 0:07:59]} Rd8 {[%clk 0:08:08]} 25. Nc4 {[%clk 0:07:57]} Qa7
{[%clk 0:07:55]} 26. e5 {[%clk 0:07:59]} Bg5 {[%clk 0:07:49]} 27. f4
{[%clk 0:08:01]} Bh6 {[%clk 0:07:53]} 28. Qd2 {[%clk 0:06:37]} a4
{[%clk 0:07:06]} 29. Nd6 {[%clk 0:06:02]} Nd5 {[%clk 0:06:05]} 30. h4
{[%clk 0:06:02]} Bh5 {[%clk 0:05:54]} 31. Rc4 {[%clk 0:05:49]} axb3
{[%clk 0:05:40]} 32. Rxb3 {[%clk 0:05:51]} Rd7 {[%clk 0:05:44]} 33. Bxd5
{[%clk 0:05:47]} exd5 {[%clk 0:05:31]} 34. Rcb4 {[%clk 0:05:45]} Rb8
{[%clk 0:05:12]} 35. Nxf5 {[%clk 0:05:45]} Bg6 {[%clk 0:04:44]} 36. Nd6
{[%clk 0:04:00]} Rxd6 {[%clk 0:04:03]} 37. exd6 {[%clk 0:04:03]} Be4
{[%clk 0:04:07]} 38. Qc3 {[%clk 0:03:51]} Qa6 {[%clk 0:03:58]} 39. Kf2
{[%clk 0:02:54]} g5 {[%clk 0:03:40]} 40. Rb6 {[%clk 0:02:40]} Qc4
{[%clk 0:03:14]} 41. Qxc4 {[%clk 0:02:29]} dxc4 {[%clk 0:03:17]} 42. Re3
{[%clk 0:02:33]} Bd5 {[%clk 0:03:12]} 43. hxg5 {[%clk 0:02:33]} Bf8
{[%clk 0:03:11]} 44. d7 {[%clk 0:02:37]} 1-0

[Event "Göteborg Open 2017"]
[Site "Mölnlycke kulturhus, Biblioteksgatan 2, Mölnlycke, Sweden"]
[Date "2017.08.18"]
[Round "3.6"]
[White "Eriksson, Kristian"]
[Black "Ziegler, Ari"]
[Result "0-1"]
[BlackElo "2318"]
[WhiteElo "2085"]
[LiveChessVersion "1.4.8"]

1. e4 {[%clk 0:15:07]} g6 {[%clk 0:15:08]} 2. d4 {[%clk 0:15:08]} Bg7
{[%clk 0:15:12]} 3. Nc3 {[%clk 0:15:09]} c6 {[%clk 0:15:16]} 4. Nf3
{[%clk 0:14:57]} d6 {[%clk 0:15:20]} 5. h3 {[%clk 0:14:15]} Nf6 {[%clk 0:15:20]}
6. Be2 {[%clk 0:14:00]} O-O {[%clk 0:15:21]} 7. a4 {[%clk 0:13:51]} Nbd7
{[%clk 0:15:13]} 8. O-O {[%clk 0:13:51]} e5 {[%clk 0:15:14]} 9. Re1
{[%clk 0:13:20]} Qc7 {[%clk 0:14:39]} 10. Bg5 {[%clk 0:12:52]} Re8
{[%clk 0:13:54]} 11. Bc4 {[%clk 0:11:51]} Nf8 {[%clk 0:11:45]} 12. Qd2
{[%clk 0:11:25]} Be6 {[%clk 0:11:07]} 13. Bb3 {[%clk 0:10:55]} Bxb3
{[%clk 0:11:04]} 14. cxb3 {[%clk 0:10:58]} Ne6 {[%clk 0:10:45]} 15. Be3
{[%clk 0:09:58]} a5 {[%clk 0:10:00]} 16. Rac1 {[%clk 0:09:47]} exd4
{[%clk 0:09:43]} 17. Nxd4 {[%clk 0:09:45]} Nc5 {[%clk 0:09:19]} 18. f3
{[%clk 0:09:20]} Qe7 {[%clk 0:08:13]} 19. Rcd1 {[%clk 0:08:16]} Rad8
{[%clk 0:07:48]} 20. Bh6 {[%clk 0:08:00]} Bxh6 {[%clk 0:07:27]} 21. Qxh6
{[%clk 0:08:03]} Qe5 {[%clk 0:07:15]} 22. Qh4 {[%clk 0:06:16]} Nh5
{[%clk 0:06:24]} 23. Nce2 {[%clk 0:05:19]} Ng7 {[%clk 0:05:06]} 24. Qg3
{[%clk 0:03:54]} Qxg3 {[%clk 0:05:06]} 25. Nxg3 {[%clk 0:03:57]} Nge6
{[%clk 0:05:03]} 26. Nge2 {[%clk 0:03:56]} Kf8 {[%clk 0:04:25]} 27. Kf2
{[%clk 0:03:56]} d5 {[%clk 0:04:19]} 28. exd5 {[%clk 0:03:27]} Nxd4
{[%clk 0:03:43]} 29. Nxd4 {[%clk 0:03:19]} Rxe1 {[%clk 0:03:40]} 30. Kxe1
{[%clk 0:03:20]} Rxd5 {[%clk 0:03:44]} 31. Ke2 {[%clk 0:02:35]} h5
{[%clk 0:03:45]} 32. h4 {[%clk 0:02:35]} Ke7 {[%clk 0:03:28]} 33. Ke3
{[%clk 0:02:06]} Kf6 {[%clk 0:03:32]} 34. g3 {[%clk 0:02:07]} Nxb3
{[%clk 0:03:01]} 35. Rd3 {[%clk 0:01:22]} Nxd4 {[%clk 0:02:59]} 36. Rxd4
{[%clk 0:01:25]} Rxd4 {[%clk 0:03:03]} 37. Kxd4 {[%clk 0:01:29]} b6
{[%clk 0:03:07]} 38. Ke4 {[%clk 0:00:58]} Ke6 {[%clk 0:03:10]} 39. b3
{[%clk 0:00:55]} f6 {[%clk 0:03:13]} 40. f4 {[%clk 0:00:51]} f5+ {[%clk 0:02:25]}
41. Kd4 {[%clk 0:00:49]} Kd6 {[%clk 0:02:26]} 42. Kc4 {[%clk 0:00:46]} Ke7
{[%clk 0:02:17]} 43. Kd4 {[%clk 0:00:35]} Ke6 {[%clk 0:02:19]} 44. Kc4
{[%clk 0:00:37]} Kd6 {[%clk 0:02:23]} 45. Kd4 {[%clk 0:00:40]} b5
{[%clk 0:02:12]} 0-1

[Event "Göteborg Open 2017"]
[Site "Mölnlycke kulturhus, Biblioteksgatan 2, Mölnlycke, Sweden"]
[Date "2017.08.18"]
[Round "3.7"]
[White "Tillman, Jan-Olof"]
[Black "Westergren, Bertil"]
[Result "1/2-1/2"]
[BlackElo "1863"]
[WhiteElo "1896"]
[LiveChessVersion "1.4.8"]

1. d4 {[%clk 0:15:06]} d5 {[%clk 0:15:08]} 2. c4 {[%clk 0:15:05]} c6
{[%clk 0:15:08]} 3. Nc3 {[%clk 0:15:00]} Nf6 {[%clk 0:15:09]} 4. cxd5
{[%clk 0:14:24]} cxd5 {[%clk 0:15:11]} 5. Bf4 {[%clk 0:14:20]} a6
{[%clk 0:15:05]} 6. Nf3 {[%clk 0:14:18]} Nc6 {[%clk 0:14:59]} 7. e3
{[%clk 0:14:21]} e6 {[%clk 0:14:28]} 8. Bd3 {[%clk 0:14:04]} Bd7 {[%clk 0:14:11]}
9. O-O {[%clk 0:14:05]} Be7 {[%clk 0:14:09]} 10. Rc1 {[%clk 0:14:07]} O-O
{[%clk 0:14:08]} 11. h3 {[%clk 0:13:51]} Rc8 {[%clk 0:13:55]} 12. a3
{[%clk 0:13:30]} Na5 {[%clk 0:13:45]} 13. Ne5 {[%clk 0:13:18]} b5
{[%clk 0:12:46]} 14. Qe2 {[%clk 0:12:02]} Nc4 {[%clk 0:12:15]} 15. Nxc4
{[%clk 0:10:21]} dxc4 {[%clk 0:11:46]} 16. Bb1 {[%clk 0:10:23]} Nd5
{[%clk 0:11:13]} 17. Nxd5 {[%clk 0:07:14]} exd5 {[%clk 0:11:15]} 18. Qh5
{[%clk 0:06:51]} f5 {[%clk 0:10:56]} 19. Qf3 {[%clk 0:06:13]} Be6
{[%clk 0:10:34]} 20. Be5 {[%clk 0:04:54]} Rf7 {[%clk 0:09:42]} 21. Qh5
{[%clk 0:03:29]} g6 {[%clk 0:09:11]} 22. Qe2 {[%clk 0:03:23]} a5 {[%clk 0:08:18]}
23. f4 {[%clk 0:02:28]} Qd7 {[%clk 0:08:07]} 24. Kh2 {[%clk 0:02:25]} b4
{[%clk 0:07:53]} 25. axb4 {[%clk 0:02:26]} axb4 {[%clk 0:07:53]} 26. Rg1
{[%clk 0:02:12]} Bf6 {[%clk 0:07:00]} 27. g4 {[%clk 0:02:01]} Bxe5
{[%clk 0:06:27]} 28. dxe5 {[%clk 0:01:23]} d4 {[%clk 0:06:12]} 29. gxf5
{[%clk 0:00:58]} Bxf5 {[%clk 0:05:53]} 30. Bxf5 {[%clk 0:00:52]} Qxf5
{[%clk 0:05:30]} 31. Rxc4 {[%clk 0:00:46]} Rxc4 {[%clk 0:05:22]} 32. Qxc4
{[%clk 0:00:50]} dxe3 {[%clk 0:05:21]} 33. Qxb4 {[%clk 0:00:42]} Qxf4+
{[%clk 0:04:41]} 34. Qxf4 {[%clk 0:00:43]} Rxf4 {[%clk 0:04:45]} 35. Kg3
{[%clk 0:00:40]} Re4 {[%clk 0:04:38]} 36. Re1 {[%clk 0:00:42]} Rxe5
{[%clk 0:04:41]} 37. Kf3 {[%clk 0:00:46]} Rb5 {[%clk 0:04:23]} 38. Re2
{[%clk 0:00:43]} Rb3 {[%clk 0:04:23]} 39. Rxe3 {[%clk 0:00:44]} Rxb2
{[%clk 0:04:26]} 40. Ra3 {[%clk 0:00:46]} Kg7 {[%clk 0:04:29]} 41. Kg4
{[%clk 0:00:49]} Rb4+ {[%clk 0:04:29]} 42. Kg3 {[%clk 0:00:52]} h5
{[%clk 0:04:26]} 43. Rc3 {[%clk 0:00:56]} Kh6 {[%clk 0:04:21]} 44. Ra3
{[%clk 0:01:00]} h4+ {[%clk 0:04:18]} 45. Kg2 {[%clk 0:01:04]} Kh5
{[%clk 0:04:19]} 46. Rc3 {[%clk 0:01:05]} Rb2+ {[%clk 0:04:19]} 47. Kg1
{[%clk 0:01:04]} Kg5 {[%clk 0:04:20]} 48. Ra3 {[%clk 0:01:08]} Re2
{[%clk 0:04:19]} 49. Rb3 {[%clk 0:01:11]} Kf4 {[%clk 0:04:21]} 50. Rb4+
{[%clk 0:01:12]} Re4 {[%clk 0:04:07]} 51. Rb3 {[%clk 0:01:13]} Re3
{[%clk 0:04:06]} 52. Rb4+ {[%clk 0:01:16]} Kg3 {[%clk 0:04:08]} 53. Rg4+
{[%clk 0:01:20]} Kxh3 {[%clk 0:04:06]} 54. Rxg6 {[%clk 0:01:24]} Rg3+
{[%clk 0:04:04]} 55. Rxg3+ {[%clk 0:01:21]} hxg3 {[%clk 0:04:04]} 56. Kh1
{[%clk 0:01:22]} 1/2-1/2

[Event "Göteborg Open 2017"]
[Site "Mölnlycke kulturhus, Biblioteksgatan 2, Mölnlycke, Sweden"]
[Date "2017.08.18"]
[Round "3.8"]
[White "Nyberg, Ulf"]
[Black "Outgajjouft, Said"]
[Result "0-1"]
[BlackElo "2026"]
[WhiteElo "2183"]
[LiveChessVersion "1.4.8"]

1. d4 {[%clk 0:14:55]} d5 {[%clk 0:14:54]} 2. c4 {[%clk 0:14:52]} c6
{[%clk 0:14:52]} 3. Nf3 {[%clk 0:14:37]} Nf6 {[%clk 0:14:39]} 4. Nc3
{[%clk 0:14:33]} e6 {[%clk 0:14:27]} 5. Bg5 {[%clk 0:14:30]} Be7 {[%clk 0:14:31]}
6. e3 {[%clk 0:14:21]} O-O {[%clk 0:14:32]} 7. Bd3 {[%clk 0:14:11]} dxc4
{[%clk 0:14:29]} 8. Bxc4 {[%clk 0:14:09]} Nbd7 {[%clk 0:14:33]} 9. O-O
{[%clk 0:14:01]} c5 {[%clk 0:14:17]} 10. Qe2 {[%clk 0:13:16]} cxd4
{[%clk 0:14:18]} 11. exd4 {[%clk 0:13:10]} Nb6 {[%clk 0:14:18]} 12. Bb3
{[%clk 0:12:57]} Nfd5 {[%clk 0:12:16]} 13. Bxe7 {[%clk 0:12:08]} Nxe7
{[%clk 0:12:17]} 14. Rad1 {[%clk 0:12:05]} Nbd5 {[%clk 0:12:19]} 15. Rfe1
{[%clk 0:11:15]} b6 {[%clk 0:12:13]} 16. Ne5 {[%clk 0:10:32]} Bb7
{[%clk 0:12:16]} 17. Nxf7 {[%clk 0:09:17]} Rxf7 {[%clk 0:09:52]} 18. Qxe6
{[%clk 0:09:09]} Kf8 {[%clk 0:09:31]} 19. Re5 {[%clk 0:07:47]} Rf6
{[%clk 0:08:34]} 20. Qh3 {[%clk 0:07:23]} h6 {[%clk 0:07:35]} 21. Rde1
{[%clk 0:06:51]} Nf4 {[%clk 0:06:38]} 22. Qg3 {[%clk 0:06:17]} Neg6
{[%clk 0:06:37]} 23. Re8+ {[%clk 0:04:14]} Qxe8 {[%clk 0:06:39]} 24. Rxe8+
{[%clk 0:04:16]} Rxe8 {[%clk 0:06:44]} 25. h4 {[%clk 0:03:58]} Bxg2
{[%clk 0:05:56]} 26. f3 {[%clk 0:02:50]} h5 {[%clk 0:04:14]} 27. Ne4
{[%clk 0:02:39]} Ne2+ {[%clk 0:04:16]} 0-1

[Event "Göteborg Open 2017"]
[Site "Mölnlycke kulturhus, Biblioteksgatan 2, Mölnlycke, Sweden"]
[Date "2017.08.18"]
[Round "3.9"]
[White "Cardenas, William"]
[Black "Ottgård, Andreas"]
[Result "1-0"]
[BlackElo "1810"]
[WhiteElo "2114"]
[LiveChessVersion "1.4.8"]

1. d4 {[%clk 0:15:06]} Nf6 {[%clk 0:15:08]} 2. c4 {[%clk 0:15:09]} c5
{[%clk 0:15:10]} 3. d5 {[%clk 0:15:11]} e6 {[%clk 0:15:13]} 4. Nc3
{[%clk 0:15:15]} exd5 {[%clk 0:15:16]} 5. cxd5 {[%clk 0:15:18]} d6
{[%clk 0:15:20]} 6. Nf3 {[%clk 0:15:14]} g6 {[%clk 0:15:23]} 7. Bf4
{[%clk 0:15:14]} Bg7 {[%clk 0:14:26]} 8. Qa4+ {[%clk 0:15:18]} Bd7
{[%clk 0:13:39]} 9. Qb3 {[%clk 0:15:16]} Qc7 {[%clk 0:12:50]} 10. e4
{[%clk 0:15:01]} O-O {[%clk 0:12:16]} 11. Be2 {[%clk 0:14:33]} a6
{[%clk 0:11:14]} 12. a4 {[%clk 0:14:32]} Nh5 {[%clk 0:10:47]} 13. Bg5
{[%clk 0:14:05]} Kh8 {[%clk 0:09:30]} 14. Nd2 {[%clk 0:13:51]} f6
{[%clk 0:08:59]} 15. Be3 {[%clk 0:13:37]} f5 {[%clk 0:08:59]} 16. exf5
{[%clk 0:13:41]} gxf5 {[%clk 0:06:49]} 17. O-O {[%clk 0:13:38]} Nf6
{[%clk 0:06:07]} 18. Bf4 {[%clk 0:13:19]} Ng4 {[%clk 0:05:33]} 19. Nc4
{[%clk 0:12:33]} Ne5 {[%clk 0:05:06]} 20. Bxe5 {[%clk 0:09:33]} Bxe5
{[%clk 0:04:52]} 21. Nxe5 {[%clk 0:09:13]} dxe5 {[%clk 0:04:51]} 22. f4
{[%clk 0:08:51]} e4 {[%clk 0:03:18]} 23. d6 {[%clk 0:08:36]} Qxd6
{[%clk 0:02:58]} 24. Rad1 {[%clk 0:08:39]} Qe6 {[%clk 0:02:42]} 25. Bc4
{[%clk 0:08:40]} Qe8 {[%clk 0:01:35]} 26. Nd5 {[%clk 0:08:33]} Nc6
{[%clk 0:01:19]} 27. Qc3+ {[%clk 0:08:33]} Nd4 {[%clk 0:01:13]} 28. Rxd4
{[%clk 0:08:37]} cxd4 {[%clk 0:01:17]} 29. Qxd4+ {[%clk 0:08:40]} 1-0

[Event "Göteborg Open 2017"]
[Site "Mölnlycke kulturhus, Biblioteksgatan 2, Mölnlycke, Sweden"]
[Date "2017.08.18"]
[Round "3.10"]
[White "Troberg Eskola, Love"]
[Black "Olsson, Willam"]
[Result "1-0"]
[BlackElo "1784"]
[WhiteElo "2016"]
[LiveChessVersion "1.4.8"]

1. e4 {[%clk 0:15:08]} c5 {[%clk 0:15:04]} 2. Nf3 {[%clk 0:15:11]} Nc6
{[%clk 0:14:57]} 3. Bb5 {[%clk 0:15:12]} Nf6 {[%clk 0:14:33]} 4. e5
{[%clk 0:15:03]} Nd5 {[%clk 0:14:29]} 5. O-O {[%clk 0:14:55]} g6 {[%clk 0:14:23]}
6. Nc3 {[%clk 0:14:32]} Nc7 {[%clk 0:13:58]} 7. Bxc6 {[%clk 0:14:14]} bxc6
{[%clk 0:14:01]} 8. Qe2 {[%clk 0:14:07]} Ba6 {[%clk 0:13:46]} 9. d3
{[%clk 0:14:10]} Bg7 {[%clk 0:13:38]} 10. Bf4 {[%clk 0:13:50]} Ne6
{[%clk 0:12:58]} 11. Bg3 {[%clk 0:13:47]} O-O {[%clk 0:12:49]} 12. Ne4
{[%clk 0:12:54]} Qb6 {[%clk 0:11:02]} 13. Rab1 {[%clk 0:12:49]} Nd4
{[%clk 0:10:30]} 14. Nxd4 {[%clk 0:12:18]} cxd4 {[%clk 0:10:33]} 15. f4
{[%clk 0:12:14]} c5 {[%clk 0:10:17]} 16. b3 {[%clk 0:12:10]} d5 {[%clk 0:09:42]}
17. Nd2 {[%clk 0:11:24]} e6 {[%clk 0:09:29]} 18. Bh4 {[%clk 0:11:07]} f6
{[%clk 0:09:05]} 19. Bxf6 {[%clk 0:09:49]} Bxf6 {[%clk 0:09:03]} 20. exf6
{[%clk 0:09:53]} Rxf6 {[%clk 0:09:04]} 21. h4 {[%clk 0:09:11]} Raf8
{[%clk 0:08:41]} 22. g3 {[%clk 0:09:01]} Qd6 {[%clk 0:08:05]} 23. Nf3
{[%clk 0:09:01]} Rf5 {[%clk 0:06:35]} 24. Ne5 {[%clk 0:08:56]} Qe7
{[%clk 0:05:43]} 25. Rfe1 {[%clk 0:08:37]} Re8 {[%clk 0:05:29]} 26. a3
{[%clk 0:08:09]} Qc7 {[%clk 0:05:01]} 27. Kg2 {[%clk 0:07:23]} Kg7
{[%clk 0:04:25]} 28. Rh1 {[%clk 0:07:13]} h5 {[%clk 0:03:55]} 29. Rhf1
{[%clk 0:06:17]} Ref8 {[%clk 0:03:33]} 30. Nf3 {[%clk 0:05:42]} Bc8
{[%clk 0:03:24]} 31. Rfe1 {[%clk 0:05:45]} R5f6 {[%clk 0:02:19]} 32. Ng5
{[%clk 0:05:36]} c4 {[%clk 0:01:40]} 33. Qe5 {[%clk 0:05:21]} Qxe5
{[%clk 0:01:26]} 34. Rxe5 {[%clk 0:05:25]} cxd3 {[%clk 0:01:17]} 35. cxd3
{[%clk 0:05:28]} Re8 {[%clk 0:01:03]} 36. Rc1 {[%clk 0:05:26]} Ba6
{[%clk 0:00:55]} 37. Rc7+ {[%clk 0:05:27]} Kg8 {[%clk 0:00:58]} 38. Re1
{[%clk 0:04:56]} Bxd3 {[%clk 0:00:53]} 39. Rxa7 {[%clk 0:04:55]} Be4+
{[%clk 0:00:12]} 40. Nxe4 {[%clk 0:04:38]} dxe4 {[%clk 0:00:15]} 41. Rxe4
{[%clk 0:04:42]} Rd8 {[%clk 0:00:18]} 42. Ra4 {[%clk 0:04:40]} d3
{[%clk 0:00:22]} 43. Rad4 {[%clk 0:04:43]} Rff8 {[%clk 0:00:14]} 44. Kf2
{[%clk 0:04:21]} 1-0